| 000 | 00000nam##2200000za#4500 |
| 001 | 9.679768 |
| 003 | CaOODSP |
| 005 | 20241210082346 |
| 007 | ta |
| 008 | 150407|1996||||xxc||||| f|0| 0 fre|d |
| 020 | |a0-660-95252-1 |
| 040 | |aCaOODSP|bfre |
| 043 | |an-cn--- |
| 086 | 1 |aFB2-9/1996F |
| 110 | 2 |aBanque du Canada. |
| 245 | 13|aLa transmission de la politique monétaire au Canada |
| 260 | |aOttawa - Ontario : |bBanque du Canada |c1996. |
| 300 | |a142p. : |bgraphiques, références, tableaux ; |c28 cm. |
| 500 | |aSommaire: L'incertitude et la transmission de la politique monétaire au Canada.--La mise en oeuvre de la politique monétaire au Canada.--La gestion des encaisses: principale technique employée par la Banque du Canada dans la conduite de la politique monétaire.--Les opérations de vente à réméré dans la conduite de la politique monétaire.--Le mécanisme de transmission de la politique monétaire au Canada, des mesures prises par la banque centrale aux taux d'intérêt administrés.--Le recours aux indicateurs et à l'indice des conditions monétaires au Canada.--Le rôle des conditions monétaires et de l'indice des conditions monétaires dans la conduite de la politique.--Étude empirique du mécanisme de transmission de la politique monétaire au Canada: une approche globale.--Le rôle des projections économiques dans la formulation de la politique monétaire au Canada.--Les opérations de la Banque du Canada sur les marchés financiers. |
| 563 | |aReliure à spirale |
| 590 | |a97-13|b1997-03-27 |
| 691 | 07|aFinances|2gcpds |
| 775 | 08|tThe transmission of monetary policy in Canada |w(CaOODSP)9.646194 |
| 776 | 0#|tLa transmission de la politique monétaire au Canada |w(CaOODSP)9.640035 |
| 986 | |a893-49-90-555 |